Entrepreneurship: Theory , Process and Practice (Record no. 3235)

MARC details
005 - DATE AND TIME OF LATEST TRANSACTION
control field 20250605135616.0
020 ## - INTERNATIONAL STANDARD BOOK NUMBER
International Standard Book Number 0-324-25826-7
082 ## - DEWEY DECIMAL CLASSIFICATION NUMBER
Classification number TEA LECT 658.041 KUR
100 ## - MAIN ENTRY--PERSONAL NAME
Author name KURATKO, D. F.
245 ## - TITLE STATEMENT
Title Entrepreneurship: Theory , Process and Practice
250 ## - EDITION STATEMENT
Edition statement 6th Ed.
260 ## - PUBLICATION, DISTRIBUTION, ETC.
Place of publication, distribution, etc. Florida,
Name of publisher, distributor, etc. Thomson Learning Inc,
Date of publication, distribution, etc. 2004.
300 ## - PHYSICAL DESCRIPTION
Extent xxi, 865p.; Ill.;figures & table.
Other physical details Index
Dimensions 27cm.
856 ## - ELECTRONIC LOCATION AND ACCESS
Link text Access Online Book
Electronic name Entrepreneurship
Path http://www.thomsonrights.com
942 ## - ADDED ENTRY ELEMENTS (KOHA)
Source of classification or shelving scheme Dewey Decimal Classification
Koha item type Books
Holdings
Date last seen Total checkouts Full call number Barcode Cost, replacement price Price effective from Koha item type Lost status Source of classification or shelving scheme Damaged status Not for loan Withdrawn status Home library Current library Shelving location Date acquired Cost, normal purchase price
06/29/2025   338.04 DOM0004481 88500.00 06/29/2025 Books   Dewey Decimal Classification       CBE Dodoma CBE Dodoma General Collection 06/29/2011 29500.00
06/05/2025   TEA LECT 658.041 KUR 00000011170 90000.00 06/05/2025 Books   Dewey Decimal Classification       College of Business Education Main Library College of Business Education Main Library General Collection 04/22/2005 30000.00